Cine y visualidad: historización de la imagen contemporánea

Salvato in:
Dettagli Bibliografici
Autore principale: Rosenstone, Robert A (Autore)
Natura: Libro
Lingua:spagnolo
Pubblicazione: Santiago, Chile Universidad Finis Terrae 2013
Serie:Colección Re-Visiones
Soggetti:
Tags: Aggiungi Tag
Nessun Tag, puoi essere il primo ad aggiungerne!!

MARC

LEADER 00000cam a2200000 a 4500
001 UCF9666
003 CL-VaPUC
005 20211230074118.0
008 131206e20130000cl |||||||||||||||||spa|d
999 |c 354081  |d 354079 
020 |a 9789567757374 
040 |c Pontificia Universidad Católica de Valparaíso 
082 0 4 |a 791.43 ROS 2013  |2 21 
100 0 |a Rosenstone, Robert A  |e author  |9 572018 
245 1 0 |a Cine y visualidad:  |b  historización de la imagen contemporánea 
260 |a Santiago, Chile  |b Universidad Finis Terrae  |c 2013 
300 |a 111 páginas 
490 0 |a Colección Re-Visiones 
583 |a last modification  |c 20131206 11:14:00  |k Rodrigo Vera 
650 0 |a Cine  |9 225706 
650 0 |a Historia del cine  |9 265166 
650 0 |a Crítica e interpretación   |9 255042 
942 |c BK  |2 ddc 
945 |d 20131206 11:14:00  |a dcastane 
952 |0 0  |1 0  |2 ddc  |3 erb  |4 0  |6 791_430000000000000_ROS_2013  |7 0  |8 A  |9 459730  |a BIBART  |b BIBART  |i 5029147  |o 791.43 ROS 2013  |p 5029147  |r 2025-03-13  |t 1  |w 2019-11-23  |y BK  |z Catalogado en:20131206  |k ART 
952 |0 0  |1 0  |2 ddc  |3 erb  |4 0  |6 791_430000000000000_ROS_2013  |7 0  |8 A  |9 459731  |a BIBART  |b BIBART  |i 5039290  |o 791.43 ROS 2013  |p 5039290  |r 2025-03-13  |t 2  |w 2019-11-23  |y BK  |z Catalogado en:20131227  |k ART